000 00296nam a22001337a 4500
008 170628b xxu||||| |||| 00| 0 eng d
020 _a0060422173
041 _aeng
080 _a82
100 _a21
101 _aGJL
245 _aTHE HARPER HANDBOOK TO LITERATURE
_cFRYE,N
942 _2udc
_cBK
999 _c19323
_d19323